000 00669nam a22002417a 4500
001 BR6002474
003 BR-BrBNA
005 20230928095007.0
007 ta
008 230509b bl.||||| |||| 00| 0 por d
040 _aBR-BrBNA
_bpor
_cBiblioteca Nacional de Agricultura
072 _aL73
_b5212
090 _ 5212 BR6002474
110 1 _aComissao Estadual de Planejamento Agricola do Piaui, Teresina (Brasil)
_92040
245 1 _aPrograma de combate a febre aftosa no Piaui
260 3 _aTeresina, PI (Brasil):
_c1972.
300 _a72 p.
650 _aBovino
650 _aAftosa
650 _aPiaui
909 _a202309
_bLucia
_c55
_dLucia Elande
942 _cBK
999 _c53881
_d53881